000
00319nam a22001337a 4500
008
171002b xxu||||| |||| 00| 0 eng d
020
_a
9781557980816
041
_a
eng
080
_a
159.9
100
_a
48
101
_a
PSI
245
_a
ACTIVITIES HANDBOOK TEACHING PHYSIOLOGY
_c
LANDLEY.CH.P
942
_2
udc
_c
BK
999
_c
31209
_d
31209